00889 a2200217 450000500170000000800410001702000180005804000500007604100080012610000300013424501360016426000400030030000180034050400410035865000130039965000420041265000510045465000320050565100610053765100730059820150414090130.0150414s2014 ck ||||gr|||| 00| 0 spa d a9789585839618 aCO-BoUCMbspacJose A. GerenadJose A. Gerena0 aspa1 aCassiani Herrera, Alfonso10aPalenque Magnobresistencias y luchas libertarias del Palenque de la Matuna a San Basilio magno 1599-1714cAlfonso Cassiani Herrera c2014bIculturaCartagena (Colombia) a187 páginas aIncluye referencias bibliográficas 7aCultura  7aAfrodescendientesxHistoriazColombia 7aAfrodescendientesxAspectos socialeszColombia 7aAfrodescendienteszColombia 4aPalenque de San Basilio (Bolívar, Colombia) xHistoria 4aPalenque de San Basilio (Bolívar, Colombia) xCondiciones sociales